00637cam a2200229 4500001001300000003000400013005001700017008004100034010002200075025002000097040001800117050001600135082001200151100002900163245002200192260007900214300002700293350000900320504003700329650002400366999001700390sa 68012325 DLC20260227112609.0691103s1968 ii a b 000 0 eng  asa 68012325 //r86 aPL480:I-E-10634 aDLCcDLCdDLC00aPN3171b.S900a792/.0700aMina Swaminathan,d1933-10aDrama in schools.0 a[New Delhi]bNational Council of Educational Research and Trainingc[1968] a136 p.billus.c23 cm. a2.90 a"Useful references": p. [94]-96. 0aDrama in education. c84456d84456